Rhymes with 'Aim' Quiz Stats

 Plays Quiz Updated Aug 13, 2016

Also try: Rhymes with 'Word'
Challenge
Share
Tweet
Embed
Score 0/16 Timer 02:00
9 Plays Today
% Correct
lame
97.8%
tame
96.2%
game
95.8%
fame
94.8%
dame
94.5%
same
94.1%
came
93.2%
name
90.7%
% Correct
maim
87.6%
frame
86.2%
flame
85.9%
blame
85.4%
claim
82.6%
shame
74.9%
hame
63.6%
kame
49.6%

You're not logged in!

Compare scores with friends on all Sporcle quizzes.
Join for Free
OR
Log In

You Might Also Like...

Show Comments

Extras

Top Quizzes Today


Score Distribution

Your Account Isn't Verified!

In order to create a playlist on Sporcle, you need to verify the email address you used during registration. Go to your Sporcle Settings to finish the process.

Report this User

Report this user for behavior that violates our Community Guidelines.

Details: